000 01089nam a22002297a 4500
999 _c60135
_d60135
003 Ge_BSU
005 20230612125207.0
008 230612s2000 ge ||||| |||| 00| 0 geo d
020 _a9992831901
041 _ageo
080 _a930(479.22)(092) ნ-16
100 _aნადირაძე, გიორგი
_92941
245 _aნარკვევები XIX საუკუნის ქართული ისტორიოგრაფიიდან /
_cგიორგი ნადირაძე; [რედ.: რ. მეტრეველი].
264 _aთბილისი :
_b თბილ. უნ-ტის გამ-ბა,
_c2000.
300 _a488გვ. ;
_b20სმ.
501 _aბიბლიოგრ. ტექსტ. შენიშვნ.
520 _a რეზ. რუს. ენ.
653 _aქართული ისტორიოგრაფია
653 _aქართველი ისტორიკოსები
700 _aმეტრეველი, რ.
_eრედაქტორი
_918637
942 _2udc
_cBK